000
00317nam a22001457a 4500
008
230906b ||||| |||| 00| 0 eng d
020
_a
6724564
041
_a
eng
080
_a
575
082
_a
575MUL
100
_a
13
101
_a
MEDBIOL
245
_a
THE ORIGINS OF CHEMISTRY
_c
MULTHAUF.P.R
942
_2
udc
_c
BK
999
_c
60262
_d
60262